00585nam a22001817a 45000010005000000030009000050050017000140080041000310400038000720820016001101000027001262450068001532500018002212600059002393000045002985040041003436500019003849296BD-DhUAP20210127155723.0200129s2006 ii a b 000 0 eng d aBD-DhAALcBD-DhAALbEngdBD-DhUAP00a340 JHA2231 aJhabvala, Noshirvan H.10aThe elements of jurisprudence 2006 /cby Noshirvan H. Jhabvala. a24th rev. ed. aMumbai, India :bC. Jamnadas,c2006 [Reprinted 2012]. aiv, 220 pages :billustrations ;c24 cm. aIncludes bibliographical references. 0aJurisprudence.